Statistics for MLS Club Logo Colors

Click here to take the quiz!

General Stats

  • This quiz has been taken 517 times
    (375 since last reset)
  • The average score is 45 of 92

Answers on the Map

Answers color-coded by a green-red scale on the quiz's map according to % correct below.
 

Answer Stats

ClubAnswer% Correct
Austin FCGreen
94%
Austin FCBlack
90%
Austin FCWhite
85%
Colorado RapidsBurgundy
81%
Colorado RapidsSky Blue
76%
FC DallasBovine Blue
64%
LA GalaxyBlue
(Navy Blue &
Light Blue)
62%
LA GalaxyGold
62%
FC DallasRepublic Red
62%
FC DallasLonestar White
61%
Los Angeles FCBlack
60%
Sporting Kansas CityBlue
('Dark Indigo' &
'Sporting Blue')
60%
Los Angeles FCGold
60%
LA GalaxyWhite
60%
Sporting Kansas CityWhite
58%
Houston Dynamo FCBlack
57%
Portland TimbersPonderosa Green
56%
Nashville SCElectric Gold
54%
Colorado RapidsWhite
54%
Minnesota United FCBlack
52%
Inter Miami CFBlack
51%
Atlanta United FCBlack
51%
Real Salt LakeCobalt Blue
51%
Portland TimbersGold
51%
FC DallasShawnee Silver
51%
Atlanta United FCVictory Red
51%
Portland TimbersWhite
51%
Atlanta United FCGold
50%
Colorado RapidsGray
50%
Minnesota United FCSky Blue
50%
Seattle Sounders FCRave Green
49%
Houston Dynamo FCWildcatter Orange
49%
San Jose EarthquakesBlue
48%
Minnesota United FCGray
48%
Sporting Kansas CityLead
48%
Inter Miami CFPink
48%
Real Salt LakeReal Gold
48%
Chicago Fire FCRed
48%
San Jose EarthquakesBlack
47%
D.C. UnitedBlack
47%
Vancouver Whitecaps FCBlue
('Deep Sea' &
'Whitecaps Blue')
47%
Real Salt LakeClaret Red
47%
LA GalaxyGray
47%
D.C. UnitedRed
47%
New York Red BullsRed
47%
Seattle Sounders FCSounder Blue
47%
D.C. UnitedWhite
47%
San Jose EarthquakesWhite
47%
Inter Miami CFWhite
47%
Houston Dynamo FCWhite
47%
Chicago Fire FCWhite
47%
Nashville SCAcoustic Blue
46%
FC CincinnatiBlue
46%
Chicago Fire FCBlue
(Light Blue &
Navy Blue)
46%
Seattle Sounders FCCascade Shale
46%
Columbus CrewGold
46%
FC CincinnatiOrange
46%
Vancouver Whitecaps FCWhite
46%
FC CincinnatiWhite
46%
New York Red BullsWhite
46%
Real Salt LakeWhite
46%
Columbus CrewBlack
45%
Charlotte FCProcess Blue
45%
Columbus CrewWhite
45%
Seattle Sounders FCWhite
45%
Charlotte FCBlack
44%
New York City FCBlue
(Navy Blue &
Sky Blue)
44%
San Jose EarthquakesGray
44%
CF MontréalBlack
43%
New York City FCWhite
43%
Charlotte FCWhite
43%
Vancouver Whitecaps FCGray
42%
New York Red BullsNavy Blue
42%
New York Red BullsGold
41%
Orlando City SCPurple
41%
Toronto FCRed
41%
Orlando City SCGold
40%
New England RevolutionNavy Blue
40%
New England RevolutionRed
40%
New England RevolutionWhite
40%
Philadelphia UnionBlue
(Navy Blue &
Sky Blue)
39%
Minnesota United FCRed
39%
CF MontréalSacré Bleu
39%
Orlando City SCWhite
39%
San Jose EarthquakesRed
38%
Philadelphia UnionGold
37%
CF MontréalIce Gray
37%
Houston Dynamo FCSpace City Blue
37%
Toronto FCWhite
36%
New York Red BullsGray
34%
Toronto FCGrey
34%
New York City FCOrange
31%

Score Distribution

Percentile by Number Answered

Percent of People with Each Score

Your Score History

You have not taken this quiz since the last reset